Effect of air-drying on nutrient concentration in leaves : II Effect of sun-drying and hot iron- pressing on nutrient concentration in leaves (Record no. 57683)

MARC details
000 -LEADER
fixed length control field 00519nam a2200169Ia 4500
100 ## - MAIN ENTRY--AUTHOR NAME
Personal name Krishnakumari M
245 #0 - TITLE STATEMENT
Title Effect of air-drying on nutrient concentration in leaves : II Effect of sun-drying and hot iron- pressing on nutrient concentration in leaves
260 ## - PUBLICATION, DISTRIBUTION, ETC. (IMPRINT)
Name of publisher Rubber Board Bulletin
Year of publication 1978
300 ## - PHYSICAL DESCRIPTION
Number of Pages 57-58
650 ## - SUBJECT ADDED ENTRY--TOPICAL TERM
Topical Term Iron-pressing
650 ## - SUBJECT ADDED ENTRY--TOPICAL TERM
Topical Term Rubber
650 ## - SUBJECT ADDED ENTRY--TOPICAL TERM
Topical Term Sun-drying
700 ## - ADDED ENTRY--PERSONAL NAME
Personal name Augusty A
700 ## - ADDED ENTRY--PERSONAL NAME
Personal name Pushpadas M V
942 ## - ADDED ENTRY ELEMENTS (KOHA)
Koha item type Journals
Holdings
Withdrawn status Lost status Damaged status Not for loan Home library Current library Shelving location Date acquired Serial Enumeration / chronology Koha item type
      Journals RRII Library RRII Library Soils and agonomy 17/12/2021 Volume 15, Issue 04-Mar Journals